| 000 | 00467nam a22001217a 4500 | ||
|---|---|---|---|
| 999 |
_c18746 _d18746 |
||
| 008 | 210205b xxu||||| |||| 00| 0 eng d | ||
| 050 |
_aGMB0056 _b.K57 2016 c.1 |
||
| 100 | _aKipkurui, Ruto | ||
| 245 |
_aEffect of Mobile banking on financial performance of savings and credit co-operative societies in Nakuru central busines district, Kenya _cRuto Kipkurui |
||
| 260 |
_aKabarak, Nakuru, Kenya _bKabarak University _c2016 |
||
| 300 | _a80 leaves | ||
| 942 |
_2lcc _cTHE |
||